| 000 | 00934nam0a22002531 4500 | ||
|---|---|---|---|
| 001 | rc\3018862 | ||
| 005 | 20250805160813.4 | ||
| 035 | _a(NLR Aleph) 007161052 | ||
| 090 |
_a7249427 _c7249427 |
||
| 100 | _a20110927d1941 |||y0rusy50 ca | ||
| 101 | 0 | _arus | |
| 102 | _aRU | ||
| 105 | _ac z ||||| | ||
| 200 | 1 |
_aНа военных скоростях _fВ.Г. Ищеев, капитан парохода "Л" _gПолитотд. Сев.-Зап. речного пароходства |
|
| 210 |
_aЛенинград _cБ. и. _d1941 _gтип. № 2 Упр. изд-в и полиграфии Исполкома Ленгорсовета |
||
| 215 |
_a12 с. _cпортр. _d14 см |
||
| 700 | 1 |
_aИщеев _bВ. Г. |
|
| 801 | 0 |
_aRU _bNLR _gpsbo |
|
| 801 | 1 |
_aRU _bELAR _2rusmarc |
|
| 852 |
_aNLR _jИр50 Г-2/173 |
||
| 942 | _cBOOK | ||
| 945 | _aРоссийская национальная библиотека | ||
| 980 | _aNB | ||
| 980 | _aBV | ||